Central Library OPAC University of Rajshahi

Mass communication and its digital transformation / (Record no. 74605)

MARC details
000 -LEADER
fixed length control field 00874nam a2200277 i 4500
001 - CONTROL NUMBER
control field 74605
003 - CONTROL NUMBER IDENTIFIER
rucl marc code BD-RjUL
005 - DATE AND TIME OF LATEST TRANSACTION
control field 20211209082558.0
008 - FIXED-LENGTH DATA ELEMENTS--GENERAL INFORMATION
fixed length control field 181031s2015 ii ||||| b||| 001 0 eng d
020 ## - INTERNATIONAL STANDARD BOOK NUMBER
International Standard Book Number 9788131300398
035 ## - SYSTEM CONTROL NUMBER
System control number (BD-RjUL)74823
040 ## - CATALOGING SOURCE
Original cataloging agency BD-RjUL
Language of cataloging eng
Transcribing agency BD-RjUL
041 ## - LANGUAGE CODE
Language code of text/sound track or separate title eng
082 ## - DEWEY DECIMAL CLASSIFICATION NUMBER
Edition number 23
Classification number 302.231
Author mark and year RAM 2015
100 ## - MAIN ENTRY--PERSONAL NAME
Personal name Ramanujam, R.C.
Relator term author
9 (RLIN) 224609
245 ## - TITLE STATEMENT
Title Mass communication and its digital transformation /
Statement of responsibility, etc. R.C. Ramanujam.
264 #1 - PRODUCTION, PUBLICATION, DISTRIBUTION, MANUFACTURE, AND COPYRIGHT NOTICE
Place of production, publication, distribution, manufacture New Delhi :
Name of producer, publisher, distributor, manufacturer A P H Publishing,
Date of production, publication, distribution, manufacture, or copyright notice 2015
300 ## - PHYSICAL DESCRIPTION
Pagination viii, 289 pages ;
Size 23 cm
336 ## - CONTENT TYPE
Content type term text
Source rdacontent
337 ## - MEDIA TYPE
Media type term unmediated
Source rdamedia
338 ## - CARRIER TYPE
Carrier type term volume
Source rdacarrier
504 ## - BIBLIOGRAPHY, ETC. NOTE
Bibliography, etc Includes Bibliographical reference and index.
650 ## - SUBJECT ADDED ENTRY--TOPICAL TERM
Topical term or geographic name as entry element Digital media
General subdivision Social aspects.
9 (RLIN) 224610
Topical term or geographic name as entry element Mass media
General subdivision Technological innovations.
9 (RLIN) 224611
942 ## - ADDED ENTRY ELEMENTS (KOHA)
Source of classification or shelving scheme Dewey Decimal Classification
Koha item type Books
Holdings
Lost status Source of classification or shelving scheme Damaged status Not for loan Collection code Permanent Location Current Location Shelving location Date acquired Source of acquisition Cost, normal purchase price Total Checkouts Full call number Date last seen Copy number Koha item type
  Dewey Decimal Classification   Not For Loan Non-fiction Central Library, University of Rajshahi Central Library, University of Rajshahi Reading Room 12/09/2018 International Books Distributor, Dhaka 595.00   302.231 RAM 2015 31/10/2018 C-1 Books